MARC details
| 000 -CABECERA |
| campo de control de longitud fija |
01333nam a2200313 a 4500 |
| 003 - IDENTIFICADOR DEL NÚMERO DE CONTROL |
| campo de control |
UPN |
| 005 - FECHA Y HORA DE LA ÚLTIMA TRANSACCIÓN |
| campo de control |
20240413063723.0 |
| 008 - ELEMENTOS DE LONGITUD FIJA--INFORMACIÓN GENERAL |
| campo de control de longitud fija |
991125s1870 mx a gr 000 0 spa u |
| 035 ## - NÚMERO DE CONTROL DEL SISTEMA |
| Número de control de sistema |
UPN01000019060 |
| 040 ## - FUENTE DE LA CATALOGACIÓN |
| Centro catalogador/agencia de origen |
MX-MxUPN |
| Lengua de catalogación |
spa |
| Centro/agencia transcriptor |
MX-MxUPN |
| 041 ## - CÓDIGO DE IDIOMA |
| Código de lengua del texto/banda sonora o título independiente |
spa |
| 050 #4 - SIGNATURA TOPOGRÁFICA DE LA BIBLIOTECA DEL CONGRESO |
| Número de clasificación |
F1233 |
| Número de documento/Ítem |
K4.3 |
| 100 1# - ASIENTO PRINCIPAL--NOMBRE PERSONAL |
| Nombre de persona |
Keratry, Emile de, |
| Títulos y otros términos asociados al nombre |
conde, |
| Fechas asociadas al nombre |
1832-1904 |
| 9 (RLIN) |
31912 |
| 245 10 - MENCIÓN DE TÍTULO |
| Título |
Elevación y caída del emperador Maximiliano : |
| Resto del título |
intervención francesa en México 1861-1867 |
| 260 ## - PUBLICACIÓN, DISTRIBUCIÓN, ETC. |
| Lugar de publicación, distribución, etc. |
México : |
| Nombre del editor, distribuidor, etc. |
Imprenta del comercio de N. Chavez,a cargo de J. Moreno, |
| Fecha de publicación, distribución, etc. |
1870. |
| 300 ## - DESCRIPCIÓN FÍSICA |
| Extensión |
xvi, 542 páginas : |
| Otras características físicas |
1 lámina, ilustaciones |
| 500 ## - NOTA GENERAL |
| Nota general |
Nota manuscrita: "Vendioala a P.B. Molina" |
| 600 01 - ASIENTO SECUNDARIO DE MATERIA - NOMBRE PERSONAL |
| Nombre de persona |
Maximiliano |
| Títulos y otros términos asociados al nombre |
Emperador de México |
| Fechas asociadas al nombre |
1832-1867 |
| 9 (RLIN) |
16421 |
| 651 #4 - ASIENTO SECUNDARIO DE MATERIA - NOMBRE GEOGRAFICO |
| Nombre geográfico |
México |
| Subdivisión general |
Historia |
| Subdivisión cronológica |
Intervención y Segundo Imperio, 1861-1867 |
| 9 (RLIN) |
10588 |
| 700 1# - ASIENTO SECUNDARIO--NOMBRE DE PERSONAL |
| 9 (RLIN) |
51485 |
| Nombre de persona |
Frías y Soto, Hilarión, |
| Fechas asociadas al nombre |
1831-1905 |
| Término indicativo de función/relación |
traducción |
| 700 1# - ASIENTO SECUNDARIO--NOMBRE DE PERSONAL |
| 9 (RLIN) |
51486 |
| Nombre de persona |
Prévost-Paradol, Lucien Anatole, |
| Fechas asociadas al nombre |
1829-1870 |
| Término indicativo de función/relación |
prefacio |
| 700 0# - ASIENTO SECUNDARIO--NOMBRE DE PERSONAL |
| 9 (RLIN) |
51433 |
| Nombre de persona |
P.B. Molina |
| Término indicativo de función/relación |
propietario anterior |
| 700 1# - ASIENTO SECUNDARIO--NOMBRE DE PERSONAL |
| Nombre de persona |
Ancona Horruytiner, Ramón |
| Término indicativo de función/relación |
propietario anterior |
| 9 (RLIN) |
51428 |
| 710 2# - ASIENTO SECUNDARIO - NOMBRE CORPORATIVO |
| 9 (RLIN) |
51335 |
| Nombre de entidad corporativa o nombre de jurisdicción como elemento de entrada |
Museo Pedagógico Nacional (México) |
| Término indicativo de función/relación |
propietario anterior |
| 710 2# - ASIENTO SECUNDARIO - NOMBRE CORPORATIVO |
| 9 (RLIN) |
51429 |
| Nombre de entidad corporativa o nombre de jurisdicción como elemento de entrada |
Biblioteca Ancona Horruytiner |
| Término indicativo de función/relación |
propietario anterior |
| 902 ## - ELEMENTOS DE DATOS B LOCAL, LDB (RLIN) |
| Modificó |
MaríaRobles/100424 |
| 905 ## - TIPO DE MATERIAL |
| Tipo de material |
Libro |
| 942 ## - ELEMENTOS DE PUNTO DE ACCESO ADICIONAL (KOHA) |
| Fuente del sistema de clasificación o colocación |
Library of Congress Classification |
| Tipo de ítem Koha |
Libro |
| Suprimir en OPAC |
No |